| 000 | 01479nam a2200361 a 4500 | ||
|---|---|---|---|
| 001 | 000013310 | ||
| 003 | DO-SdBPM | ||
| 005 | 20250618134028.0 | ||
| 007 | ta | ||
| 008 | 091123s2004 dr 000 e spa d | ||
| 020 | _a9993442224 | ||
| 040 |
_aDO-SdBNP _bspa _cBPMSU _erda _d |
||
| 082 | 4 |
_aRD864.44 _bF727e 2004 _222 |
|
| 100 | 1 |
_aFornerín, Miguel Ángel, _d1960- _eautor |
|
| 245 | 1 | 0 |
_aEnsayos sobre literatura puertorriqueña y dominicana / _cMiguel Ángel Fornerín ; prólogo Giovanni Di Pietro ; cuidado de edición Andrés Blanco Díaz ; presentación Carlos Esteban Deive. |
| 264 |
_aSanto Domingo : _bDirección General de la Feria del Libro, _c2004. |
||
| 300 |
_a204 paginas ; _c23 cm. |
||
| 336 |
_atexto _btxt _2rdacontent |
||
| 337 |
_asin mediación _bn _2rdamedia |
||
| 338 |
_avolumen _bnc _2rdacarrier |
||
| 490 | 0 |
_aEdiciones Ferilibro , _v59 |
|
| 500 | _aIncluye datos biográficos del autor en las solapas | ||
| 504 | _aIncluye referencias bibliográficas y notas al pie de las páginas. | ||
| 590 | _aInventariado, 2025/VM | ||
| 650 | 7 | _aEnsayos dominicanos | |
| 650 | 7 |
_aLiteratura dominicana _xHistoria y crítica |
|
| 650 | 7 |
_aLiteratura puertorriqueña _xHistoria y crítica |
|
| 700 | 1 |
_a Herrera R., Rafael Darío, _d1955- _q (Herrera Rodríguez), _eprólogo |
|
| 700 | 1 |
_aBlanco Díaz, Andrés _eeditor |
|
| 700 | 1 |
_aDeive, Carlos Esteban, _d1935-2019 _epresentación |
|
| 910 | _aVMateo V. Control de calidad BPMSU | ||
| 942 |
_2ddc _cBK |
||
| 999 |
_c15187 _d15187 |
||